| 000 | 01812cam a2200373 i 4500 | ||
|---|---|---|---|
| 001 | 47888 | ||
| 003 | BJBSDDR | ||
| 005 | 20260429150011.0 | ||
| 007 | ta | ||
| 008 | 260429b2025 nyua 000 0 eng | ||
| 020 | _a9781789505108 | ||
| 020 | _a1789505100 | ||
| 035 | _a( OCoLC) 73175947 | ||
| 040 |
_beng _cBJBSDDR |
||
| 041 | _aeng | ||
| 049 | _aGRAL | ||
| 050 | 1 | 4 | _bH488s 2025 |
| 082 | 0 | 0 | _a813/.52 |
| 100 | 1 |
_aHemingway, Ernest, _d1899-1961 _915711 |
|
| 245 | 1 | 4 |
_aThe sun also rises / _cErnest Hemingway. |
| 260 |
_aNew York : _bArcturus, _c2025. |
||
| 300 |
_a224 pages ; _c21 cm. |
||
| 520 | _aThe quintessential novel of the Lost Generation, The Sun Also Rises is one of Ernest Hemingway's masterpieces, and a classic example of his spare but powerful writing style. A poignant look at the disillusionment and angst of the post-World War I generation, the novel introduces two of Hemingway's most unforgettable characters: Jake Barnes and Lady Brett Ashley. The story follows the flamboyant Brett and the hapless Jake as they journey from the wild nightlife of 1920s Paris to the brutal bullfighting rings of Spain with a motley group of expatriates. It is an age of moral bankruptcy, spiritual dissolution, unrealized love, and vanishing illusions. First published in 1926, The Sun Also Rises helped to establish Hemingway as one of the greatest writers of the twentieth century. | ||
| 650 | 0 |
_aAmericans _zFrance _vfiction |
|
| 650 | 0 |
_aAmerican _zSpain _vfiction |
|
| 650 | 0 |
_aExpatriation _vfiction |
|
| 650 | 0 |
_aAmericans _zFrance _vFiction. |
|
| 650 | 0 |
_aAmericans _zSpain _vFiction. |
|
| 650 | 0 |
_aExpatriation _vFiction. |
|
| 650 | 0 |
_aAshley, Brett (Fictitious character) _vFiction. |
|
| 651 | 0 |
_aSpain _xhistory _yAlfonso XIII, 1866-1931 |
|
| 942 |
_2lcc _cBK |
||
| 946 | _irmza | ||
| 999 |
_c126958 _d126958 |
||